Nové prístupy k rozvoju aeróbnych schopností stredoškoláčok na hodinách telesnej výchovy

Článok informuje o experimente, ktorý sa snažil preukázať väčšiu účinnosť krátkotrvajúceho zaťaženia do 10 s (beh na 40 m) oproti súvislému zaťaženiu (basketbalová hra) trvajúcemu 20-25 min. Cieľom zaťaženia bolo zvýšiť efektívnosť rozvoja vytrvalostných aeróbnych schopností u žiakov na hodinách tel...

Celý popis

Podrobná bibliografia
Hlavný autor: Kampmiller, Tomáš, 1951- (Autor)
Médium: Článok
Jazyk:slovenčina

MARC

LEADER 00000nab a2200000 a 4500
001 vtls001510357
003 SK-MaSNL
005 20260303075910.0
008 150305s2001 xo 000 0 slo
035 |a SPKCL12684 
040 |a SPKCL  |b slo  |c SNKBUCL  |d SPK(EK)  |e AACR2 
041 |a slo 
044 |a xo  |c SK 
080 |a 372.879.6:796.015.572:796.015.85-055.25  |2 1981 
245 0 0 |a Nové prístupy k rozvoju aeróbnych schopností stredoškoláčok na hodinách telesnej výchovy  |c Tomáš Kampmiller 
520 |a Článok informuje o experimente, ktorý sa snažil preukázať väčšiu účinnosť krátkotrvajúceho zaťaženia do 10 s (beh na 40 m) oproti súvislému zaťaženiu (basketbalová hra) trvajúcemu 20-25 min. Cieľom zaťaženia bolo zvýšiť efektívnosť rozvoja vytrvalostných aeróbnych schopností u žiakov na hodinách telesnej výchovy. Autori oboznamujú s hypotézami výskumu, úlohami, metodikou, výskumnou vzorkou a výsledkami výskumu. 
700 1 1 |a Kampmiller, Tomáš,  |d 1951-  |4 aut  |9 217913 
773 1 |t Telesná výchova a šport  |g Roč. 11, č. 3 (2001) s. 2-7 
850 |a Slovenská pedagogická knižnica Bratislava 
852 |a SPKCL  |b KIS3GCP  |b 000710000  |n SK 
999 |c 1777939  |d 1779869